| 000 | 00000nam 2200000za 4500 |
| 001 | 9.536379 |
| 003 | CaOODSP |
| 005 | 20210615084332 |
| 007 | ta |
| 008 | 150406s2002||||xxc||||| f|0| 0 fre d |
| 020 | |a0-662-66312-8 |
| 040 | |aCaOODSP|bfre |
| 041 | |aeng |
| 041 | |afre |
| 043 | |an-cn--- |
| 086 | 1 |aH13-6/2002-9 |
| 110 | 1 |aCanada.|bSanté Canada. |bDirection générale de la politique de la santé et des communications. |
| 245 | 13|aLa santé des enfants / |cpar Karen Kidder et Claude C. Roy. |
| 260 | |aOttawa - Ontario : |bSanté Canada. |c2002. |
| 300 | |aTexte français, 28p. : |bréférences, tableaux ; |c28 cm. |
| 490 | 1 |aSérie de rapports de synthèse |
| 563 | |aCouverture souple |
| 590 | |a02-38|b2002-09-20 |
| 691 | 07|aEnfant|2gcpds |
| 691 | 07|aRégime de soins de santé|2gcpds |
| 691 | 07|aSanté|2gcpds |
| 720 | 1 |aKidder, Karen |
| 720 | 1 |aRoy, Claude R. |
| 776 | 0#|tChildren's health / |w(CaOODSP)9.572941 |
| 776 | 0#|tLa santé des enfants / |w(CaOODSP)9.603186 |
| 791 | |tChildren's health / |eeng|w(CaOODSP)9.536378 |
| 830 | #0|aSérie de rapports de synthèse.|w(CaOODSP)9.509389 |